000 00261nam a22001097a 4500
082 _a541.3 BOD'P
100 _aBODSWORTH, C
_979831
245 _aPHYSICAL CHEMISTRY OF IRON AND STEEL MANUFACTURE
260 _aLONDON
_bELBS
_c1963
300 _a497P
942 _cBK
999 _c584824
_d584824